000 00294 a2200157 4500
001 190194
020 _a
040 _cMagnum
100 _aPier, Miguel de
240 1 0 _aDrogas
_lpor
245 1 0 _aDrogas
300 _a111
362 0 _a2013
697 _aMEDICINA E SAÚDE
942 _cBK
999 _c190194
_d190194